| 000 | 01009nam a22002417a 4500 | ||
|---|---|---|---|
| 008 | 240610b mp ||||| |||| 00| 0 mon d | ||
| 020 | _a978-99973-1-742-1 | ||
| 035 | _a25356 | ||
| 040 |
_aUVS1285160 _bmon _cMN-UlNLM _dMN-UlNLM _erda |
||
| 041 | _amon | ||
| 042 | _a75080 | ||
| 084 |
_2NNA _a84(4Фр)-44 _bА 94 |
||
| 100 | _aАшард М. | ||
| 245 | 0 | _aЦөөхүүл ч гэсэн бидний индианчууд | |
| 264 |
_aУлаанбаатар хот _bАдмон Принт ХХК _c2019 |
||
| 300 | _a148х. | ||
| 336 |
_2rdacontent _atext _btxt |
||
| 337 |
_2rdamedia _aunmediated _bn |
||
| 338 |
_2rdacarrier _avolume _bnc |
||
| 650 | _aЗохиолд Лалли хэмээх индиан охинд тохиолдсон хөгтэй, хөгжилтэй, уйтай олон олон адал явдлууд хөвөрдөг. Тэрээр нэг ном дээр бичсэ... | ||
| 942 |
_2NNA _cBK |
||
| 999 |
_c948083 _d948140 |
||